000
003230000a22001450004500
003
MACL
040
_a
MACL
090
_c
47922
_d
47920
100
_a
Rowlling,J,K.
245
_a
Harry Potter and the Cbamber of Secrets
260
_a
london
_b
Bloomsbury
_c
1999
350
_a
L5.99
650
_a
Novel
942
_c
BOOK
_k
823/ROW
999
_c
47415
_d
47415